Sensations d’Italie (Registro nro. 242255)

Detalles MARC
000 -ENCABEZADO
Número de control [NR] 01547nam a22002537a 4500
005 - FECHA Y HORA DE LA ÚLTIMA TRANSACCIÓN
control field 20190304145526.0
008 - DE LONGITUD FIJA DE DATOS DE ELEMENTOS - INFORMACIÓN GENERAL
Elementos de longitud fija [NR] 140429s1891 fr ||||fr|||| 00| 0 fre d
040 ## - FUENTE DE CATALOGACION [NR]
Quien Cataloga Sandra Yazo
Quien Clasifica Sandra Yazo
041 0# - CODIGO DE IDIOMA [R]
Código de idioma para texto/pista de sonido o título separado [R] Francés
082 04 - NUMERO DE CLASIFICACION DECIMAL DEWEY [R]
Número de la edición [NR] 910.02145
Número de clasificación [R] 20
092 ## - SIGNATURA TOPOGRAFICA LOCAL
Número de clasificación local E29N012
100 1# - ASIENTO PRINCIPAL--NOMBRE PERSONAL [NR]
Nombre personal [NR] Bourget, Paul
Fechas asociadas con el nombre [NR] 1852-1935
ID Autoridad 60359
242 00 - TRADUCCION DEL TITULO POR LA AGENCIA CATALOGADORA [R]
Título [NR] Impresiones sobre Italia
Mención de responsabilidad, etc. [NR] Pablo Bourget
Parte restante del título [NR] Toscana, Umbría y Magna-Grecia
Código de idioma del título traducido [NR] spa
245 10 - MENCION DE TITULO [NR]
Título [NR] Sensations d’Italie
Parte restante del título [NR] Toscane - Ombrie - Grande-Grèce
Mención de responsabilidad, etc. [NR] Paul Bourget
260 ## - PUBLICACION, DISTRIBUCION, ETC. (PIE DE IMPRENTA) [R]
Lugar de publicación, distribución, etc. [R] París (Francia)
Nombre del editor, distribuidor, etc. [R] Plon - Nourrit et Cie. [Plon-Nourrit y Compañía]
Fecha de publicación, distribución, etc. [R] 1891
300 ## - DESCRIPCION FISICA [R]
Extensión [R] 342 páginas
Dimensiones [R] 18 x 12 cm.
500 ## - NOTA GENERAL [R]
Nota general [NR] Detalles físicos: Encuadernación rígida (holandesa) en cartón duro forrado en papel y lomo en tela texturizada. Conserva guardas, hoja de cortesía. Anteportada. Portada impresa en una sola tinta, con la marca tipográfica del editor. Texto impreso en una sola columna, sobre papel de regular calidad, con diferentes tipos y tamaños de letra. Cortes decorados. Ej.1 Tapas con raspaduras en bordes; Ej.2 En buen estado de conservación
505 0# - NOTA DE CONTENIDO CON FORMATO PREESTABLECIDO [R]
Nota de contenido con formato preestablecido [NR] Impresiones sobre Italia (octubre a diciembre de 1890): Volterrra ; Colle ; Siena ; Monte Oliveto ; Montepulciano ; Chiusi ; Orvieto ; Peruggia ; Asís ; Ancona ; Foggia ; Lucera ; Bari ; Brindisi ; Lecce ; Tarento ; Crotona ; Reggio Calabria
506 ## - NOTA DE RESTRICCIONES DE ACCESO [R]
Condiciones de acceso [NR] Consulta en sala
546 ## - NOTA DE IDIOMA [R]
Nota de idioma [NR] Texto en francés
650 #7 - ASIENTO SECUNDARIO DE MATERIA - TERMINO TEMATICO [R]
9 (RLIN) 7508
Término temático o nombre geográfico como elemento de entrada [NR] Descripciones y viajes
Subdivisión geográfica [R] Italia
690 ## - ASUNTO AGREGADO LOCAL DE ENTRADA - TÉRMINO TEMÁTICO (OCLC, RLIN)
Acceso temático local Geografía de Europa
9 (RLIN) 26501
942 ## - ELEMENTOS DE ENTRADA AGREGADOS (KOHA)
Tipo de ítem principal el descrito en 300a Libro
Edición 1
Sistema de clasificación LOCAL
Clasificación E29N012
Existencias
Suprimido Perdido Sistema de clasificación Dañado No prestable Tipo de ítem específico Ubicación habitual Ubicación actual Localización Fecha de creación Forma de adquisición Costo Total préstamos Signatura topográfica Código de barras Última vez visto Ejemplar Price effective from Tipo de ítem
    LOCAL     Libro archivo Archivo Histórico Archivo Histórico Archivo histórico 29/04/2014 Donación 0.00   E29N012 L004099 29/04/2014 Ej.1 29/04/2014 Libro
    LOCAL     Libro archivo Archivo Histórico Archivo Histórico Archivo histórico 29/04/2014 Donación 0.00   E29N012 L009867 29/04/2014 Ej.2 04/03/2019 Libro